| 000 | 00334nam a2200133Ia 4500 | ||
|---|---|---|---|
| 008 | 230917s9999||||xx |||||||||||||| ||und|| | ||
| 040 |
_e93234 _aMAIN |
||
| 041 | _aEnglish | ||
| 082 | _a617.7 S17C | ||
| 100 | _aSham Sunder | ||
| 245 | 0 | _aClinical study and tear film profile in graves ophthalmopathy | |
| 300 | _a74 p. | ||
| 942 | _cTH | ||
| 999 |
_c72566 _d72566 |
||